Culture Générale - Série 2519 - Statistiques

Statistiques générales
  • Ce quiz a été pris 142 fois
  • Le résultat moyen est 5 sur 10
Statistiques - réponses
Question Réponse % Correct
Dans quel pays se trouve la ville d'Alicante ? Espagne
87%
Terme argotique servant à désigner une chambre - 6 lettres commençant par " p " piaule
74%
Ce mot désigne un avion de combat et un coup de vent soudain et brutal rafale
73%
Complétez le dicton « Noël au balcon, Pâques au ...» tison
73%
Fleur qui a eu sa révolution en 1974 au Portugal oeillet
70%
Quel est le prénom de l'auteur de la pièce "Le roi Lear" ? voir photo William
65%
Va-et-vient d'un projet ou d'une proposition de loi d'une assemblée à l'autre navette
33%
Ses 38° journées ont eu lieu les 18 et 19 septembre 2021 patrimoine
31%
Quel est le saint patron des jardiniers ? Fiacre
6%
Qui a écrit la pièce théâtre "Clérambard" en 1954 ? prénom et nom Marcel Aymé
5%
Aucun quiz correspondant
Distribution des résultats
% des personnes avec chaque résultat
Percentile par nombre de réponses
Votre historique - résultats
Vous n’avez pas pris ce quiz